00508nam a2200181Ia 450000500170000000800410001704000190005804100120007708200160008910000310010524500720013625000130020826000460022130000110026750400190027865000190029785000100031620240801101958.0131103s9999 xx 000 0 und d aLoreto College aEnglish a821.07bBAH aBahadur, Radhika Nath Bose aElements of english rhetoric and prosodycRadhika Nath Bose Bahadur a20th ed. aCalcuttabChuckervertty, Chatterjeec1978 a239p.  aIncludes index aEnglish poetry aLCBED